[Event "Lindores Abbey Tal Blitz 2021"]
[Site "Riga"]
[Date "2021.11.08"]
[Round "14.52"]
[White "Rogule, Laura"]
[Black "Budisavljevic, Luka"]
[Result "0-1"]
[WhiteElo "2289"]
[BlackElo "2511"]
[Annotator "ChessBase"]
[PlyCount "62"]
[EventDate "2021.11.02"]
[EventType "swiss"]
[EventCountry "LAT"]
[SourceTitle "playchess.com"]
[Source "ChessBase"]
[SourceQuality "1"]

1. c4 Nf6 2. d4 a6 3. g3 c5 4. Nf3 cxd4 5. Nxd4 e5 6. Nc2 Qc7 7. b3 d5 8. cxd5
Bf5 9. Ne3 Be4 10. f3 Bg6 11. Bh3 Bc5 12. Nf5 Bxf5 13. Bxf5 Bd4 14. d6 Qb6 15.
Qc2 Nc6 16. Bb2 Nb4 17. d7+ Nxd7 18. Bxd7+ Kxd7 19. Qd2 Ke7 20. Na3 Bxb2 21.
Qxb2 Qa5 22. O-O Rhd8 23. Nc4 Qc5+ 24. Kg2 f6 25. Rfd1 b5 26. Na5 Nc2 27. Rdc1
Rd2 28. Kh3 Rxe2 29. b4 Qe3 30. Rxc2 Qh6+ 31. Kg4 Qg5+ 0-1

[Event "Lindores Abbey Tal Blitz 2021"]
[Site "Riga"]
[Date "2021.11.08"]
[Round "14.53"]
[White "Girya, Olga"]
[Black "Arabidze, Meri"]
[Result "1-0"]
[WhiteElo "2402"]
[BlackElo "2441"]
[Annotator "NA"]
[PlyCount "101"]
[EventDate "2021.11.02"]
[EventType "swiss"]
[EventCountry "LAT"]
[SourceTitle "playchess.com"]
[Source "ChessBase"]
[SourceQuality "1"]

1. d4 f5 2. Nf3 Nf6 3. g3 e6 4. c4 c6 5. Bf4 d5 6. Nbd2 Be7 7. e3 O-O 8. Rc1
Ne4 9. h4 Nd7 10. Be2 Ndf6 11. a3 Bd7 12. Ne5 Be8 13. Kf1 Nd7 14. Kg2 Nxe5 15.
Bxe5 Bd6 16. Nxe4 fxe4 17. Bg4 Qe7 18. Bxd6 Qxd6 19. Qb3 Qe7 20. Qb4 Qxb4 21.
Bxe6+ Bf7 22. Bxf7+ Rxf7 23. axb4 Raf8 24. Rhf1 Rf5 25. cxd5 Rxd5 26. Rc5 Kf7
27. Rxd5 cxd5 28. Rc1 Rb8 29. Rc7+ Kf6 30. b5 h5 31. g4 hxg4 32. Kg3 g6 33.
Kxg4 a5 34. b6 a4 35. Kf4 Ke6 36. Kg5 Rf8 37. Rxb7 Rxf2 38. Ra7 Rxb2 39. b7 a3
40. Rxa3 Rxb7 41. Ra6+ Kf7 42. Rf6+ Ke7 43. Rxg6 Rb3 44. Kf4 Rb1 45. Ke5 Re1
46. Rg3 Rh1 47. Rg4 Rh3 48. Kxd5 Kf6 49. Kxe4 Rh2 50. Rf4+ Kg6 51. d5 1-0

[Event "Lindores Abbey Tal Blitz 2021"]
[Site "Riga"]
[Date "2021.11.08"]
[Round "14.54"]
[White "Shuvalova, Polina"]
[Black "Atalik, Ekaterina"]
[Result "1-0"]
[WhiteElo "2515"]
[BlackElo "2430"]
[Annotator "TA"]
[PlyCount "92"]
[EventDate "2021.11.02"]
[EventType "swiss"]
[EventCountry "LAT"]
[SourceTitle "playchess.com"]
[Source "ChessBase"]
[SourceQuality "1"]

1. d4 d5 2. Bf4 Nf6 3. Nf3 e6 4. e3 Bd6 5. Nbd2 O-O 6. Bd3 b6 7. Qe2 Bb7 8. c3
Ne4 9. O-O Nd7 10. Bxd6 Nxd6 11. e4 dxe4 12. Nxe4 Nf6 13. Neg5 h6 14. Nh3 Rc8
15. Rad1 c5 16. Bb1 Bxf3 17. Qxf3 cxd4 18. Rxd4 Qe7 19. Rfd1 Rfd8 20. Qe2 Nb7
21. Nf4 Rxd4 22. Rxd4 Rd8 23. Rxd8+ Qxd8 24. g3 Nc5 25. Bc2 Qd6 26. a3 g5 27.
Ng2 Kg7 28. Ne3 Nd5 29. Nc4 Qc7 30. Ne5 Nd7 31. Nf3 N5f6 32. h4 gxh4 33. Nxh4
Qe5 34. Qd2 Nc5 35. Nf3 Qd5 36. Qf4 Nd3 37. Bxd3 Qxd3 38. Kg2 Qd5 39. c4 Qc6
40. b4 Nh7 41. Qe5+ f6 42. Qb5 Qa8 43. Qd7+ Kh8 44. c5 bxc5 45. bxc5 Qe4 46.
Qd4 Qc6 1-0

[Event "Lindores Abbey Tal Blitz 2021"]
[Site "Riga"]
[Date "2021.11.08"]
[Round "14.55"]
[White "Zawadzka, Jolanta"]
[Black "Sukandar, Irine Kharisma"]
[Result "0-1"]
[WhiteElo "2429"]
[BlackElo "2406"]
[Annotator "NA"]
[PlyCount "96"]
[EventDate "2021.11.02"]
[EventType "swiss"]
[EventCountry "LAT"]
[SourceTitle "playchess.com"]
[Source "ChessBase"]
[SourceQuality "1"]

1. e4 c5 2. Nf3 Nc6 3. d4 cxd4 4. Nxd4 e5 5. Nb5 d6 6. c4 f5 7. exf5 Bxf5 8.
Bd3 Be6 9. O-O Nf6 10. f4 a6 11. N5c3 Be7 12. f5 Bf7 13. Be3 O-O 14. Nd2 Nb4
15. Nde4 Rc8 16. b3 d5 17. Nxf6+ Bxf6 18. Nxd5 Bxd5 19. cxd5 Nxd3 20. Qxd3 e4
21. Qxe4 Re8 22. Qd3 Bxa1 23. Rxa1 Qf6 24. Bd4 Qd6 25. Bb2 Qc5+ 26. Kh1 Re3 27.
Qd2 Re4 28. Rd1 Rce8 29. h3 Re2 30. Qd4 Qxd4 31. Bxd4 Re1+ 32. Rxe1 Rxe1+ 33.
Kh2 Rd1 34. Bf2 Rxd5 35. Bg3 Rxf5 36. a3 Rd5 37. b4 Rd3 38. a4 Kf7 39. a5 Ke6
40. Bf2 Kd5 41. g4 Rd2 42. Kg3 Rxf2 43. Kxf2 Kc4 44. Ke3 Kxb4 45. Kd4 Kxa5 46.
Ke5 b5 47. Ke6 b4 48. Kf7 b3 0-1

[Event "Lindores Abbey Tal Blitz 2021"]
[Site "Riga"]
[Date "2021.11.08"]
[Round "14.56"]
[White "Lujan, Carolina"]
[Black "Vantika Agrawal"]
[Result "1/2-1/2"]
[WhiteElo "2340"]
[BlackElo "2329"]
[Annotator "TA"]
[PlyCount "93"]
[EventDate "2021.11.02"]
[EventType "swiss"]
[EventCountry "LAT"]
[SourceTitle "playchess.com"]
[Source "ChessBase"]
[SourceQuality "1"]

1. e4 c5 2. Nf3 d6 3. g3 g6 4. Bg2 Bg7 5. O-O Nc6 6. c3 e5 7. d3 Nge7 8. a3 O-O
9. b4 a6 10. Nbd2 h6 11. Bb2 Be6 12. Re1 f5 13. d4 cxd4 14. cxd4 fxe4 15. Nxe4
Bg4 16. dxe5 dxe5 17. Qb3+ Kh8 18. Nc5 Bxf3 19. Bxf3 Qc8 20. Bg2 Qf5 21. Qe3 b6
22. Ne4 Nd5 23. Qb3 Rad8 24. Rad1 Nd4 25. Qc4 b5 26. Qc5 Nf6 27. Nd6 Qd7 28.
Bxd4 exd4 29. Rxd4 Ne8 30. Nf7+ Qxf7 31. Rxd8 Bb2 32. Qc2 Bf6 33. Rd3 Nc7 34.
Rf3 Ne6 35. Rd3 Nd4 36. Qc5 Bg7 37. Rxd4 Qxf2+ 38. Kh1 Qxd4 39. Qxd4 Bxd4 40.
Bb7 Bb2 41. Bxa6 Bxa3 42. Bxb5 Bxb4 43. Rb1 Bc5 44. Bd3 Kg7 45. Kg2 Rf2+ 46.
Kh1 Rd2 47. Be4 1/2-1/2

[Event "Lindores Abbey Tal Blitz 2021"]
[Site "Riga"]
[Date "2021.11.08"]
[Round "14.57"]
[White "Eizaguerri Floris, Maria"]
[Black "Maltsevskaya, Aleksandra"]
[Result "0-1"]
[WhiteElo "2328"]
[BlackElo "2411"]
[Annotator "NA"]
[PlyCount "153"]
[EventDate "2021.11.02"]
[EventType "swiss"]
[EventCountry "LAT"]
[SourceTitle "playchess.com"]
[Source "ChessBase"]
[SourceQuality "1"]

1. e4 c5 2. Nf3 e6 3. c3 d5 4. exd5 exd5 5. d4 Bd6 6. Bb5+ Nc6 7. O-O Nge7 8.
dxc5 Bxc5 9. Nbd2 a6 10. Bd3 Bb6 11. Nb3 Qd6 12. Bc2 O-O 13. Re1 Ng6 14. Nbd4
Bc7 15. g3 Bg4 16. Bf5 Bxf5 17. Nxf5 Qd7 18. N3d4 Nxd4 19. Nxd4 Rfe8 20. Be3
Re4 21. Qf3 Rae8 22. Bd2 Ne5 23. Qg2 Nc4 24. f3 Rxe1+ 25. Bxe1 Bb6 26. b3 Ne5
27. Bf2 Nd3 28. Rd1 Nxf2 29. Qxf2 Qc7 30. Qd2 Rc8 31. Rc1 h6 32. Kg2 Qe5 33.
Re1 Qf6 34. Ne2 Qf5 35. Rd1 Re8 36. Nf4 Be3 37. Qxd5 Qc2+ 38. Kh3 Bxf4 39. gxf4
Qxc3 40. Qxb7 Qf6 41. Qd7 Rf8 42. Qd6 Qf5+ 43. Kg3 Rc8 44. Qxa6 Re8 45. Qd3 Qf6
46. Qd6 Qf5 47. a4 Re6 48. Qd8+ Kh7 49. Qd3 Rg6+ 50. Kf2 Qxf4 51. a5 Qxh2+ 52.
Ke3 Qe5+ 53. Kf2 Qxa5 54. Rd2 Qb6+ 55. Ke2 Qg1 56. Rd1 Qg2+ 57. Ke3 Qg5+ 58.
Ke2 f5 59. b4 Qg2+ 60. Ke3 Re6+ 61. Kd4 Rd6+ 62. Kc4 Rxd3 63. Rxd3 Qc2+ 64. Rc3
Qe2+ 65. Rd3 Qe6+ 66. Rd5 Qc6+ 67. Kd4 Qb6+ 68. Kc4 Qe3 69. Rd3 Qe6+ 70. Rd5 g5
71. b5 g4 72. fxg4 fxg4 73. Kc5 g3 74. b6 g2 75. Rd1 Qe3+ 76. Kd5 Qf3+ 77. Kd4
0-1

[Event "Lindores Abbey Tal Blitz 2021"]
[Site "Riga"]
[Date "2021.11.08"]
[Round "14.58"]
[White "Melia, Salome"]
[Black "Bivol, Alina"]
[Result "0-1"]
[WhiteElo "2371"]
[BlackElo "2377"]
[Annotator "TA"]
[PlyCount "42"]
[EventDate "2021.11.02"]
[EventType "swiss"]
[EventCountry "LAT"]
[SourceTitle "playchess.com"]
[Source "ChessBase"]
[SourceQuality "1"]

1. e4 e6 2. d4 d5 3. Nd2 c5 4. Ngf3 Nc6 5. exd5 exd5 6. Bb5 Qe7+ 7. Kf1 Qc7 8.
Qe2+ Be7 9. dxc5 Nf6 10. Nb3 O-O 11. h3 Re8 12. Qd1 a6 13. Bd3 Nb4 14. g3 Nxd3
15. cxd3 Bxc5 16. Nxc5 Qxc5 17. Be3 Qb5 18. Nd4 Qxb2 19. Kg2 Rxe3 20. Qa4 Bd7
21. Qa5 Rxd3 0-1

[Event "Lindores Abbey Tal Blitz 2021"]
[Site "Riga"]
[Date "2021.11.08"]
[Round "14.59"]
[White "Golsta, Madara"]
[Black "Arakhamia-Grant, Ketevan"]
[Result "0-1"]
[WhiteElo "2003"]
[BlackElo "2362"]
[Annotator "NA"]
[PlyCount "70"]
[EventDate "2021.11.02"]
[EventType "swiss"]
[EventCountry "LAT"]
[SourceTitle "playchess.com"]
[Source "ChessBase"]
[SourceQuality "1"]

1. e4 c5 2. Nf3 Nc6 3. d4 cxd4 4. Nxd4 e5 5. Nb5 d6 6. c4 Be7 7. N1c3 a6 8. Na3
f5 9. Bd3 f4 10. Nc2 Nf6 11. b4 O-O 12. Bb2 Be6 13. a4 Qd7 14. Nd5 Bd8 15. b5
axb5 16. axb5 Rxa1 17. Qxa1 Ne7 18. Ncb4 Ng6 19. Nxf6+ Bxf6 20. Nd5 Nh4 21. g3
Nf3+ 22. Kd1 Bh3 23. Kc1 Bg2 24. Rd1 Nxh2 25. gxf4 Ng4 26. Rg1 Nxf2 27. Bc2
Bxe4 28. fxe5 Bxe5 29. Bxe5 dxe5 30. Qxe5 Bxd5 31. cxd5 Ng4 32. Qe4 Nf6 33. Qg2
Rc8 34. Kb1 Qxb5+ 35. Ka1 Ra8+ 0-1

[Event "Lindores Abbey Tal Blitz 2021"]
[Site "Riga"]
[Date "2021.11.08"]
[Round "15.1"]
[White "Shevchenko, Kirill"]
[Black "Erigaisi Arjun"]
[Result "1-0"]
[WhiteElo "2647"]
[BlackElo "2627"]
[Annotator "TA"]
[PlyCount "61"]
[EventDate "2021.11.02"]
[EventType "swiss"]
[EventCountry "LAT"]
[SourceTitle "playchess.com"]
[Source "ChessBase"]
[SourceQuality "1"]

1. e4 c5 2. Nc3 d6 3. f4 g6 4. Nf3 Bg7 5. Bb5+ Bd7 6. Bc4 Nc6 7. d3 Na5 8. Bd2
e6 9. e5 Nxc4 10. dxc4 Bc6 11. Qe2 Ne7 12. O-O-O d5 13. cxd5 exd5 14. e6 f6 15.
g4 Qb6 16. f5 O-O-O 17. Bf4 gxf5 18. gxf5 d4 19. Ne4 Qa6 20. Qxa6 bxa6 21. Rhg1
Nxf5 22. Nh4 Bxe4 23. Nxf5 Bxf5 24. Rxg7 Rde8 25. Rc7+ Kd8 26. Rd7+ Kc8 27.
Rc7+ Kd8 28. Rxc5 Bxe6 29. Rxd4+ Bd7 30. Rc7 Re7 31. Rxa7 1-0

[Event "Lindores Abbey Tal Blitz 2021"]
[Site "Riga"]
[Date "2021.11.08"]
[Round "15.4"]
[White "Xiong, Jeffery"]
[Black "Navara, David"]
[Result "1/2-1/2"]
[WhiteElo "2687"]
[BlackElo "2699"]
[Annotator "ChessBase"]
[PlyCount "53"]
[EventDate "2021.11.02"]
[EventType "swiss"]
[EventCountry "LAT"]
[SourceTitle "playchess.com"]
[Source "ChessBase"]
[SourceQuality "1"]

1. d4 Nf6 2. c4 e6 3. Nc3 Bb4 4. Nf3 d5 5. Qa4+ Nc6 6. Bd2 O-O 7. a3 Bxc3 8.
Bxc3 Ne4 9. Qc2 b6 10. e3 Bb7 11. Be2 Nxc3 12. Qxc3 dxc4 13. Qxc4 Na5 14. Qc3
c5 15. dxc5 bxc5 16. O-O Qb6 17. Ne5 Rfd8 18. Rfd1 Bd5 19. b4 Nb7 20. Rab1 Rac8
21. Bh5 Nd6 22. bxc5 Qxc5 23. Qxc5 Rxc5 24. Bf3 g6 25. Bxd5 exd5 26. Nd3 Rc3
27. a4 1/2-1/2

[Event "Lindores Abbey Tal Blitz 2021"]
[Site "Riga"]
[Date "2021.11.08"]
[Round "15.6"]
[White "Dubov, Daniil"]
[Black "Onyshchuk, Volodymyr"]
[Result "0-1"]
[WhiteElo "2714"]
[BlackElo "2622"]
[Annotator "TA"]
[PlyCount "106"]
[EventDate "2021.11.02"]
[EventType "swiss"]
[EventCountry "LAT"]
[SourceTitle "playchess.com"]
[Source "ChessBase"]
[SourceQuality "1"]

1. e4 d6 2. d4 g6 3. Bc4 Bg7 4. Nf3 Nf6 5. Qe2 O-O 6. O-O c6 7. e5 Nd5 8. h3 h6
9. Re1 Be6 10. Nbd2 Nd7 11. Ne4 dxe5 12. Nxe5 Nxe5 13. dxe5 Qb6 14. c3 Rad8 15.
a4 a5 16. Bd2 Bf5 17. b3 Bxe4 18. Qxe4 e6 19. Rad1 Rd7 20. Be3 Qc7 21. Bc5 Rfd8
22. Bd6 Rxd6 23. exd6 Rxd6 24. Bxd5 cxd5 25. Qf4 Bxc3 26. Rc1 Rc6 27. Qxc7 Rxc7
28. Red1 Rc6 29. Kf1 Kf8 30. Ke2 Ke7 31. Kd3 Bb4 32. g4 e5 33. f3 Kd6 34. Rxc6+
bxc6 35. Rg1 Ke6 36. h4 Be7 37. h5 g5 38. Rc1 Kd7 39. Rc2 Bb4 40. Rc1 c5 41.
Ke2 Ke6 42. Rd1 Bc3 43. Kd3 Bd4 44. Ke2 f5 45. gxf5+ Kxf5 46. Rd3 g4 47. fxg4+
Kxg4 48. Rf3 e4 49. Rf7 Be5 50. Rd7 d4 51. Rd5 Bf4 52. Rxc5 d3+ 53. Kf1 e3 0-1

[Event "Lindores Abbey Tal Blitz 2021"]
[Site "Riga"]
[Date "2021.11.08"]
[Round "15.7"]
[White "Jobava, Baadur"]
[Black "Nihal Sarin"]
[Result "0-1"]
[WhiteElo "2582"]
[BlackElo "2650"]
[Annotator "TA"]
[PlyCount "85"]
[EventDate "2021.11.02"]
[EventType "swiss"]
[EventCountry "LAT"]
[SourceTitle "playchess.com"]
[Source "ChessBase"]
[SourceQuality "1"]

1. e4 g6 2. d4 Bg7 3. c4 d6 4. Nc3 Nc6 5. Nge2 e5 6. d5 Nce7 7. f3 f5 8. Be3
Bh6 9. Qd2 Bxe3 10. Qxe3 Nf6 11. h3 f4 12. Qf2 b6 13. O-O-O Nh5 14. Kb1 O-O 15.
Nc1 a5 16. Bd3 Bd7 17. Bc2 g5 18. Ba4 Ng6 19. Bxd7 Qxd7 20. Nd3 Ng3 21. Rhe1 h5
22. b3 Kg7 23. Kb2 g4 24. hxg4 hxg4 25. Nb5 Rf7 26. a3 Rh8 27. b4 Kf6 28. bxa5
bxa5 29. Kb3 Rh2 30. fxg4 Qxg4 31. Rd2 Nh4 32. Qg1 Rh1 33. Qa7 Rxe1 34. Nxe1
Nxe4 35. Rc2 Qg3+ 36. Nf3 Nxg2 37. Nbd4 Nc5+ 38. Ka2 exd4 39. Nxd4 Qd3 40. Qb8
Ne3 41. Qh8+ Rg7 42. Qh6+ Kf7 43. Qxf4+ 0-1

[Event "Lindores Abbey Tal Blitz 2021"]
[Site "Riga"]
[Date "2021.11.08"]
[Round "15.8"]
[White "Matlakov, Maxim"]
[Black "Fedoseev, Vladimir"]
[Result "0-1"]
[WhiteElo "2691"]
[BlackElo "2704"]
[Annotator "ChessBase"]
[PlyCount "140"]
[EventDate "2021.11.02"]
[EventType "swiss"]
[EventCountry "LAT"]
[SourceTitle "playchess.com"]
[Source "ChessBase"]
[SourceQuality "1"]

1. e4 c6 2. d4 d5 3. exd5 cxd5 4. Bd3 Nc6 5. c3 e5 6. dxe5 Nxe5 7. Nf3 Nxd3+ 8.
Qxd3 Bd6 9. O-O Ne7 10. Nd4 h6 11. Nd2 O-O 12. N2f3 a6 13. h3 Bd7 14. Re1 Qc7
15. Bd2 Rfe8 16. Re2 Qc4 17. Qc2 Nc6 18. b3 Qc5 19. Rae1 Rxe2 20. Rxe2 Bc7 21.
Qd3 Qd6 22. Be3 Ne7 23. Bd2 Qf6 24. Re1 Rc8 25. Qe2 Ng6 26. Qd3 Bd6 27. a4 Kh8
28. Qe2 Kg8 29. Qd3 Kh8 30. Qe2 Re8 31. Qd1 Re4 32. Qb1 Rxe1+ 33. Qxe1 Nf4 34.
Be3 Nd3 35. Qd1 Nc5 36. Ne2 Bc6 37. Bd4 Qe7 38. Ng3 Bxg3 39. fxg3 Ne4 40. g4 f6
41. a5 Qa3 42. Nh4 Qxa5 43. Qf3 Qc7 44. Qf5 Qd8 45. Ng6+ Kg8 46. Qe6+ Kh7 47.
Ne7 Bd7 48. Qf7 Qe8 49. Qxe8 Bxe8 50. Nxd5 Bf7 51. c4 Nd2 52. b4 Nxc4 53. Nb6
Nd6 54. Kf2 Be8 55. Ke3 Bc6 56. g3 Kg6 57. Bc5 Ne4 58. Bf8 Nxg3 59. Nc8 Kf7 60.
Bd6 Ne4 61. Bh2 Nc3 62. Kd4 Nb5+ 63. Kc5 Ke6 64. Nb6 Nc3 65. Nc4 Ne4+ 66. Kd4
Nf2 67. Ne3 Nxh3 68. Nf5 Kf7 69. Nd6+ Kg6 70. Nf5 Nf2 0-1

[Event "Lindores Abbey Tal Blitz 2021"]
[Site "Riga"]
[Date "2021.11.08"]
[Round "15.9"]
[White "Gelfand, Boris"]
[Black "Mamedov, Rauf"]
[Result "1/2-1/2"]
[WhiteElo "2674"]
[BlackElo "2673"]
[Annotator "TA"]
[PlyCount "67"]
[EventDate "2021.11.02"]
[EventType "swiss"]
[EventCountry "LAT"]
[SourceTitle "playchess.com"]
[Source "ChessBase"]
[SourceQuality "1"]

1. d4 Nf6 2. c4 g6 3. Nc3 Bg7 4. e4 d6 5. Nf3 O-O 6. Be2 Na6 7. O-O e5 8. Be3
Qe7 9. d5 Ng4 10. Bg5 f6 11. Bh4 h5 12. Nd2 Nh6 13. f3 Nf7 14. a3 Bh6 15. b4
Bd7 16. Kh1 Be3 17. c5 dxc5 18. b5 Nb8 19. Nc4 Bd4 20. d6 Nxd6 21. Nd5 Qd8 22.
f4 Bxb5 23. Nxf6+ Rxf6 24. Bxf6 Qxf6 25. fxe5 Qxf1+ 26. Qxf1 Nxe4 27. Qf3 Nf2+
28. Kg1 Ng4+ 29. Kh1 Bc6 30. Qb3 Nf2+ 31. Kg1 Ne4+ 32. Kh1 Nf2+ 33. Kg1 Ne4+
34. Kh1 1/2-1/2

[Event "Lindores Abbey Tal Blitz 2021"]
[Site "Riga"]
[Date "2021.11.08"]
[Round "15.10"]
[White "Hovhannisyan, Robert"]
[Black "Paravyan, David"]
[Result "1-0"]
[WhiteElo "2622"]
[BlackElo "2642"]
[Annotator "TA"]
[PlyCount "95"]
[EventDate "2021.11.02"]
[EventType "swiss"]
[EventCountry "LAT"]
[SourceTitle "playchess.com"]
[Source "ChessBase"]
[SourceQuality "1"]

1. e4 e5 2. Nf3 Nc6 3. Nc3 Nf6 4. d4 exd4 5. Nxd4 Bb4 6. Nxc6 bxc6 7. Bd3 O-O
8. O-O d5 9. exd5 cxd5 10. h3 Be6 11. Qf3 c5 12. Rd1 h6 13. Bf4 Qe7 14. a3 Bxc3
15. bxc3 c4 16. Bf1 Ne4 17. Bxc4 dxc4 18. Qxe4 Rad8 19. Be3 a6 20. Rd4 Rxd4 21.
Bxd4 Qg5 22. Qf3 Bd5 23. Qg4 Qxg4 24. hxg4 Rb8 25. Re1 Be6 26. f3 Rb2 27. Re5
Rb5 28. Bc5 a5 29. Kh2 Kh7 30. a4 Rb2 31. Bd4 Rxc2 32. Rxa5 Ra2 33. Ra7 Kg6 34.
a5 Bd5 35. Kg3 f6 36. Bc5 f5 37. Ra6+ Kh7 38. gxf5 h5 39. Ra7 h4+ 40. Kh3 Kg8
41. Bd4 Bf7 42. a6 Ra5 43. Ra8+ Kh7 44. a7 Ra1 45. Kxh4 Bd5 46. Rd8 Bc6 47. Rc8
Bd5 48. Rc7 1-0

[Event "Lindores Abbey Tal Blitz 2021"]
[Site "Riga"]
[Date "2021.11.08"]
[Round "15.11"]
[White "Adhiban, B.."]
[Black "Sevian, Samuel"]
[Result "0-1"]
[WhiteElo "2672"]
[BlackElo "2668"]
[Annotator "TA"]
[PlyCount "96"]
[EventDate "2021.11.02"]
[EventType "swiss"]
[EventCountry "LAT"]
[SourceTitle "playchess.com"]
[Source "ChessBase"]
[SourceQuality "1"]

1. e4 g6 2. d4 c6 3. Nf3 d5 4. exd5 cxd5 5. h3 Nc6 6. c3 Bg7 7. Bd3 Bf5 8. O-O
Bxd3 9. Qxd3 Nf6 10. Re1 O-O 11. Bf4 Re8 12. Nbd2 Qb6 13. a4 Rad8 14. Qb5 Nd7
15. Nb3 e6 16. h4 Rc8 17. Re2 Bf8 18. g3 a6 19. Qxb6 Nxb6 20. Nfd2 Nd7 21. g4
f6 22. Bg3 e5 23. dxe5 Ndxe5 24. Rae1 Kf7 25. Bxe5 Nxe5 26. Na5 b6 27. Nab3
Nxg4 28. Rxe8 Rxe8 29. Rxe8 Kxe8 30. a5 bxa5 31. Nf3 a4 32. Nc1 Kd7 33. Nd3 a3
34. bxa3 Bxa3 35. Kg2 Bd6 36. Nd4 Ne5 37. Nf4 Nc6 38. Nxd5 Nxd4 39. cxd4 f5 40.
Kf3 a5 41. Ke3 a4 42. Kd3 Kc6 43. Kc4 a3 44. Nc3 h5 45. d5+ Kd7 46. Kb3 Be7 47.
Nb5 Bxh4 48. f3 Be7 0-1

[Event "Lindores Abbey Tal Blitz 2021"]
[Site "Riga"]
[Date "2021.11.08"]
[Round "15.12"]
[White "Adly, Ahmed"]
[Black "Petrosyan, Manuel"]
[Result "0-1"]
[WhiteElo "2602"]
[BlackElo "2599"]
[Annotator "TA"]
[PlyCount "96"]
[EventDate "2021.11.02"]
[EventType "swiss"]
[EventCountry "LAT"]
[SourceTitle "playchess.com"]
[Source "ChessBase"]
[SourceQuality "1"]

1. Nf3 b6 2. g3 Bb7 3. Bg2 g6 4. O-O Bg7 5. d4 Nf6 6. a4 a5 7. Nc3 O-O 8. Re1
Ne4 9. Nxe4 Bxe4 10. Bh3 Bxf3 11. exf3 d5 12. Bg5 Nc6 13. c3 h6 14. Be3 e6 15.
Qd2 h5 16. Bf1 Ne7 17. Bg5 Qd6 18. g4 hxg4 19. fxg4 c5 20. Bf4 Qd8 21. Bb5 Rc8
22. Ba6 Ra8 23. Bb5 Rc8 24. Re3 cxd4 25. cxd4 Nc6 26. Ba6 Nxd4 27. Bxc8 Qxc8
28. h3 e5 29. Bh2 e4 30. Rd1 Qc4 31. b3 Qc5 32. Kg2 Rc8 33. h4 Qe7 34. Rc3 Re8
35. Qg5 Qe6 36. Bg3 Nf3 37. Rxf3 exf3+ 38. Kh2 d4 39. h5 Qe2 40. hxg6 Qxd1 41.
gxf7+ Kxf7 42. Qf5+ Bf6 43. Qh7+ Ke6 44. Qe4+ Kf7 45. Qh7+ Kf8 46. Bd6+ Re7 47.
g5 Be5+ 48. Kh3 Qh1+ 0-1

[Event "Lindores Abbey Tal Blitz 2021"]
[Site "Riga"]
[Date "2021.11.08"]
[Round "15.13"]
[White "Vachier-Lagrave, Maxime"]
[Black "Movsesian, Sergei"]
[Result "1-0"]
[WhiteElo "2766"]
[BlackElo "2618"]
[Annotator "TA"]
[PlyCount "83"]
[EventDate "2021.11.02"]
[EventType "swiss"]
[EventCountry "LAT"]
[SourceTitle "playchess.com"]
[Source "ChessBase"]
[SourceQuality "1"]

1. e4 Nf6 2. e5 Nd5 3. d4 d6 4. Nf3 dxe5 5. Nxe5 c6 6. Nd2 Bf5 7. Qf3 e6 8. Bd3
Qf6 9. Ne4 Bxe4 10. Qxe4 Bb4+ 11. c3 Bd6 12. O-O Qe7 13. Bd2 Nd7 14. f4 g6 15.
Rae1 O-O-O 16. b4 Kb8 17. a4 Bc7 18. Kh1 Rhe8 19. Qf3 f6 20. Nc4 Qf7 21. b5 c5
22. a5 cxd4 23. cxd4 Rc8 24. Rb1 Qe7 25. Rfc1 g5 26. f5 Bf4 27. Bxf4+ Nxf4 28.
a6 Nb6 29. axb7 Qxb7 30. Qxb7+ Kxb7 31. Nd6+ Kb8 32. Rxc8+ Rxc8 33. Nxc8 Kxc8
34. Be4 Kd7 35. Ra1 Kd6 36. Rxa7 h5 37. Ra6 Kc7 38. g3 exf5 39. Bxf5 Ne2 40. d5
Nc3 41. d6+ Kb7 42. d7 1-0

[Event "Lindores Abbey Tal Blitz 2021"]
[Site "Riga"]
[Date "2021.11.08"]
[Round "15.14"]
[White "Deac, Bogdan-Daniel"]
[Black "Zvjaginsev, Vadim"]
[Result "0-1"]
[WhiteElo "2651"]
[BlackElo "2609"]
[Annotator "TA"]
[PlyCount "110"]
[EventDate "2021.11.02"]
[EventType "swiss"]
[EventCountry "LAT"]
[SourceTitle "playchess.com"]
[Source "ChessBase"]
[SourceQuality "1"]

1. e4 c5 2. Nf3 Nc6 3. d4 cxd4 4. Nxd4 g6 5. c4 Nf6 6. Nc3 d6 7. f3 Bg7 8. Be3
O-O 9. Be2 e6 10. O-O d5 11. Nxc6 bxc6 12. e5 Nd7 13. f4 Ba6 14. b3 Qa5 15. Rc1
Rfd8 16. cxd5 cxd5 17. b4 Bxe2 18. bxa5 Bxd1 19. Rfxd1 g5 20. g3 gxf4 21. gxf4
a6 22. Na4 Bh6 23. Kf2 Rac8 24. Kf3 f6 25. exf6 Nxf6 26. Nb6 Rxc1 27. Rxc1 d4
28. Bf2 d3 29. Rd1 Bf8 30. Nc4 Bb4 31. a3 Bc3 32. Bb6 Rd5 33. h3 Kf7 34. Ke3 d2
35. Nxd2 Rd7 36. Ke2 Nd5 37. Be3 Nxe3 38. Kxe3 Bxa5 39. Ke2 Bxd2 40. Rxd2 Rxd2+
41. Kxd2 Kf6 42. Ke3 Kf5 43. Kf3 a5 44. Ke3 a4 45. Kf3 h6 46. Ke3 e5 47. fxe5
Kxe5 48. Kf3 Kd4 49. Kg4 Kc3 50. Kh5 Kb3 51. Kxh6 Kxa3 52. h4 Kb4 53. Kg6 a3
54. h5 a2 55. h6 a1=Q 0-1

[Event "Lindores Abbey Tal Blitz 2021"]
[Site "Riga"]
[Date "2021.11.08"]
[Round "15.15"]
[White "Esipenko, Andrey"]
[Black "Howell, David W L"]
[Result "0-1"]
[WhiteElo "2713"]
[BlackElo "2648"]
[Annotator "ChessBase"]
[PlyCount "79"]
[EventDate "2021.11.02"]
[EventType "swiss"]
[EventCountry "LAT"]
[SourceTitle "playchess.com"]
[Source "ChessBase"]
[SourceQuality "1"]

1. e4 c6 2. d4 d5 3. e5 Bf5 4. h4 c5 5. dxc5 Nc6 6. Bd3 Bxd3 7. cxd3 Nxe5 8. d4
Nc6 9. Nf3 e6 10. Nc3 Be7 11. h5 h6 12. Bf4 Nf6 13. Ne5 Nd7 14. Nxc6 bxc6 15.
Qg4 Kf8 16. b4 Bf6 17. Bd6+ Be7 18. Bg3 Bf6 19. O-O Kg8 20. Rac1 a6 21. a4 Kh7
22. b5 axb5 23. axb5 Qc8 24. Qe2 Re8 25. bxc6 Qxc6 26. Nb5 Rec8 27. Nd6 Rf8 28.
Rfd1 Kg8 29. Qb5 Nb8 30. Qb1 Qd7 31. Nb5 Nc6 32. Bd6 Rfc8 33. Qd3 Ra4 34. Ra1
Rca8 35. Rxa4 Rxa4 36. Qc2 Rc4 37. Qa2 Nxd4 38. Qa8+ Kh7 39. Nc7 Nc6 40. Ne8
0-1

[Event "Lindores Abbey Tal Blitz 2021"]
[Site "Riga"]
[Date "2021.11.08"]
[Round "15.16"]
[White "Grandelius, Nils"]
[Black "Niemann, Hans Moke"]
[Result "0-1"]
[WhiteElo "2669"]
[BlackElo "2635"]
[Annotator "TA"]
[PlyCount "84"]
[EventDate "2021.11.02"]
[EventType "swiss"]
[EventCountry "LAT"]
[SourceTitle "playchess.com"]
[Source "ChessBase"]
[SourceQuality "1"]

1. Nf3 d5 2. g3 c5 3. Bg2 Nf6 4. O-O e6 5. c4 d4 6. d3 Nc6 7. e4 e5 8. a3 h6 9.
Nbd2 a5 10. Nh4 g6 11. Qe2 Be7 12. Bh1 Bh3 13. Ng2 g5 14. Nf3 Rg8 15. Bd2 Nd7
16. Nfe1 Nf6 17. Rb1 Qd7 18. Nc2 a4 19. b4 axb3 20. Rxb3 h5 21. Rfb1 Ra7 22.
Nce1 Bg4 23. f3 Bh3 24. Qf2 Bd8 25. Kf1 h4 26. Ke2 hxg3 27. hxg3 Be6 28. Qg1
Nh5 29. Kf2 Rh8 30. Nc2 b6 31. Nge1 g4 32. f4 exf4 33. gxf4 f5 34. Rxb6 Bxb6
35. Rxb6 Qc7 36. Rxc6 Qxc6 37. exf5 g3+ 38. Ke2 Nxf4+ 39. Bxf4 Rxh1 40. Qxg3
Bf7 41. Bg5 Qc7 42. Qf3 Bh5 0-1

[Event "Lindores Abbey Tal Blitz 2021"]
[Site "Riga"]
[Date "2021.11.08"]
[Round "15.17"]
[White "Predke, Alexandr"]
[Black "Dreev, Aleksey"]
[Result "1-0"]
[WhiteElo "2668"]
[BlackElo "2635"]
[Annotator "TA"]
[PlyCount "38"]
[EventDate "2021.11.02"]
[EventType "swiss"]
[EventCountry "LAT"]
[SourceTitle "playchess.com"]
[Source "ChessBase"]
[SourceQuality "1"]

1. d4 d5 2. c4 c6 3. Nf3 Nf6 4. Qc2 dxc4 5. e4 b5 6. a4 g6 7. axb5 cxb5 8. b3
Nc6 9. bxc4 Nxd4 10. Nxd4 Qxd4 11. Bb2 Qc5 12. e5 Bf5 13. Bd3 Bxd3 14. Qxd3 Rd8
15. Qe2 Nh5 16. e6 Nf4 17. exf7+ Kxf7 18. Qf3 e5 19. g3 Qxc4 1-0